000 00358nam a2200145Ia 4500
008 230917s9999||||xx |||||||||||||| ||und||
040 _e51124
_aMAIN
041 _aEnglish
082 _a410 W654L
100 _aWilkins, D A
245 0 _aLinguistics in language teaching
260 _aLondon
_bEdward Arnold
_c1972
300 _aviii, 243 p.
942 _cBK
999 _c148809
_d148809